000 01413nam a22002297a 4500
999 _c57812
_d57812
003 Ge_BSU
005 20221221151128.0
008 201209s2020 ge ||||| |||| 00| 0 geo d
041 _ageo
080 _a81'25 ი-50
100 _aიმნაძე, მედეა
_99911
245 _aმეზღვაურთა პროფესიული მეტყველების სტრატეგია და ტაქტიკა (ინგლისური, რუსული და ქართული ენების ბაზაზე) :
_cმედეა იმნაძე; მეცნ. ხელმძღვანელი ასმათ არძენაძე; ბსუ; ჰუმანიტარულ მეცნიერებათა ფაკულტეტი.
_bდისერტაცია /
264 _aბათუმი,
_c2020.
300 _a123 გვ.
_bილ.
_c30 სმ.
504 _aბიბლიოგრ. გვ.118-123
653 _aფილოლოგია
653 _aთარგმანმცოდნეობა
653 _aდისერტაცია
700 _aარძენაძე, ასმათ
_eმეცნიერ-ხელმძღვანელი
_99912
710 _aბსუ
_bჰუმანიტარულ მეცნიერებათა ფაკულტეტი
_99915
942 _2udc
_cDS